Handbook of rubber chemicals and goods industries (Record no. 38811)

MARC details
000 -LEADER
fixed length control field 00522nam a2200205Ia 4500
082 ## - DEWEY DECIMAL CLASSIFICATION NUMBER
Classification number NR:62:54-4
Item number GUP
100 ## - MAIN ENTRY--AUTHOR NAME
Personal name Gupta
245 #0 - TITLE STATEMENT
Title Handbook of rubber chemicals and goods industries
260 ## - PUBLICATION, DISTRIBUTION, ETC. (IMPRINT)
Place of publication Delhi
Name of publisher SIRI
650 ## - SUBJECT ADDED ENTRY--TOPICAL TERM
Topical Term Dipped goods
650 ## - SUBJECT ADDED ENTRY--TOPICAL TERM
Topical Term Hoses
650 ## - SUBJECT ADDED ENTRY--TOPICAL TERM
Topical Term Microcellular soles
650 ## - SUBJECT ADDED ENTRY--TOPICAL TERM
Topical Term Moulded rubber goods
650 ## - SUBJECT ADDED ENTRY--TOPICAL TERM
Topical Term Raw rubber
650 ## - SUBJECT ADDED ENTRY--TOPICAL TERM
Topical Term Rubber analysis
650 ## - SUBJECT ADDED ENTRY--TOPICAL TERM
Topical Term Rubber chemicals
650 ## - SUBJECT ADDED ENTRY--TOPICAL TERM
Topical Term Surgical goods
942 ## - ADDED ENTRY ELEMENTS (KOHA)
Koha item type Books
Holdings
Withdrawn status Lost status Damaged status Not for loan Collection code Home library Current library Date acquired Full call number Accession Number Koha item type
        Official use RRII Library RRII Library 16/12/2021 NR:62:54-4 GUP 19162 Books